[Event "Lidkoping op"]
[Site "Lidkoping"]
[Date "2019.08.25"]
[Round "7"]
[White "Madebrink, Lars"]
[Black "Magnussen, Pal"]
[Result "1-0"]
[WhiteElo "2147"]
[BlackElo "1983"]
[PlyCount "129"]
[EventDate "2019.08.24"]
[EventType "swiss"]
[EventRounds "7"]
[EventCountry "SWE"]
[SourceTitle "EXT 2020"]
[Source "ChessBase"]
[SourceDate "2019.10.17"]
[SourceVersion "1"]
[SourceVersionDate "2019.10.17"]
[SourceQuality "1"]

1. Nf3 Nf6 2. c4 c5 3. Nc3 Nc6 4. d4 cxd4 5. Nxd4 g6 6. Nc2 Bg7 7. e4 d6 8. Be2 0-0 9. 0-0 Bd7 10. Be3 Ne5 11. f3 a6 12. b3 Rc8 13. Qd2 Qc7 14. Nb4 Nc6 15. Nbd5 Nxd5 16. Nxd5 Qb8 17. Rac1 Be6 18. Nb6 Rcd8 19. Rfd1 f5 20. exf5 Rxf5 21. Nd5 Rf7 22. Kh1 Ne5 23. Qa5 Rc8 24. Bg5 Nc6 25. Qd2 Re8 26. Bf1 Ne5 27. Re1 Bf5 28. f4 Nc6 29. h3 h6 30. Bh4 e5 31. Bg3 Kh7 32. Rcd1 Nd4 33. fxe5 dxe5 34. Ne3 Qc8 35. Nxf5 Nxf5 36. Bf2 e4 37. Qd5 Rfe7 38. g4 e3 39. gxf5 exf2 40. fxg6+ Kh8 41. Rxe7 Rxe7 42. Qd8+ Re8 43. Qxc8 Rxc8 44. Kg2 Be5 45. Rd7 Rc7 46. Rd8+ Kg7 47. Bd3 Bf6 48. Rd5 Bh4 49. c5 Re7 50. b4 Kf6 51. Rh5 Bg5 52. h4 Be3 53. Rd5 Kg7 54. h5 Kf6 55. a4 Rc7 56. Rd6+ Kg7 57. Kf3 Re7 58. c6 bxc6 59. Rxc6 Bd2 60. Kxf2 Bxb4 61. Bxa6 Re5 62. Rc7+ Be7 63. Be2 Kg8 64. Kf3 Bd6 65. Bc4+ 1-0

[Event "Malmo op"]
[Site "Malmo"]
[Date "2018.12.15"]
[Round "6"]
[White "Madebrink, Lars"]
[Black "Ornstein, Axel"]
[Result "0-1"]
[WhiteElo "2193"]
[BlackElo "2289"]
[PlyCount "94"]
[EventDate "2018.12.14"]
[EventType "swiss"]
[EventRounds "8"]
[EventCountry "SWE"]
[SourceTitle "CBM 187 Extra"]
[Source "ChessBase"]
[SourceDate "2018.11.04"]
[SourceVersion "1"]
[SourceVersionDate "2018.11.04"]
[SourceQuality "1"]

1. Nf3 c5 2. c4 Nc6 3. Nc3 Nf6 4. d4 cxd4 5. Nxd4 g6 6. g3 d6 7. Bg2 Bd7 8. 0-0 Rc8 9. b3 Bg7 10. Bb2 0-0 11. e3 Qa5 12. Rc1 a6 13. Qe2 Bg4 14. Nxc6 bxc6 15. f3 Be6 16. e4 Rfd8 17. Na4 Nd7 18. Bxg7 Kxg7 19. f4 f6 20. h3 Bg8 21. Rfd1 Nc5 22. Nc3 e5 23. f5 Qb6 24. Kh2 a5 25. h4 a4 26. Nxa4 Nxa4 27. bxa4 Ra8 28. Rb1 Qc7 29. Rb4 c5 30. Rb5 Rxa4 31. Rdb1 Rd7 32. Rc1 Qc6 33. Rb8 Rb7 34. Rxb7+ Qxb7 35. Rc2 Qa6 36. Bf1 Bf7 37. Kh3 Be8 38. Qd2 Bd7 39. g4 Ra3+ 40. Kh2 Rf3 41. Bg2 Rf4 42. Qe2 h5 43. Bf3 Qa3 44. Kg2 hxg4 45. Bxg4 Bc6 46. Bf3 gxf5 47. Qf2 Rxf3 0-1

[Event "Deltalift op"]
[Site "Tylosand"]
[Date "2018.05.10"]
[Round "4"]
[White "Lindberg, Bengt"]
[Black "Madebrink, Lars"]
[Result "1-0"]
[WhiteElo "2404"]
[BlackElo "2192"]
[PlyCount "87"]
[EventDate "2018.05.10"]
[EventType "swiss"]
[EventRounds "8"]
[EventCountry "SWE"]
[SourceTitle "CBM 184 Extra"]
[Source "ChessBase"]
[SourceDate "2018.06.28"]
[SourceVersion "1"]
[SourceVersionDate "2018.06.28"]
[SourceQuality "1"]

1. e4 c5 2. Nf3 d6 3. d4 cxd4 4. Nxd4 Nf6 5. Nc3 Nc6 6. Bg5 e6 7. Qd2 a6 8. 0-0-0 Be7 9. f3 Bd7 10. h4 b5 11. Nxc6 Bxc6 12. Ne2 Qc7 13. Nd4 Bb7 14. h5 h6 15. Be3 Rc8 16. Kb1 d5 17. e5 Nd7 18. f4 Nc5 19. Bd3 Ne4 20. Qe1 Bc5 21. g4 Qb6 22. f5 b4 23. fxe6 fxe6 24. g5 hxg5 25. Bxe4 dxe4 26. Qg3 Bd5 27. Qxg5 Qc7 28. Rhf1 Rh6 29. Qg2 Qxe5 30. Bxh6 Bxd4 31. Qg6+ Kd7 32. Rf7+ Kc6 33. Bxg7 Qh2 34. Bxd4 Kb5 35. Rc1 Qd2 36. Qg1 a5 37. Qf1+ Rc4 38. Bg1 Ka4 39. Ra7 Rxc2 40. Rxc2 Bxa2+ 41. Kxa2 Qxc2 42. Bb6 b3+ 43. Ka1 Kb4 44. Rxa5 1-0

[Event "Deltalift op"]
[Site "Tylosand"]
[Date "2018.05.10"]
[Round "2"]
[White "Nystrom, Jonas"]
[Black "Madebrink, Lars"]
[Result "0-1"]
[WhiteElo "1965"]
[BlackElo "2192"]
[PlyCount "48"]
[EventDate "2018.05.10"]
[EventType "swiss"]
[EventRounds "8"]
[EventCountry "SWE"]
[SourceTitle "CBM 184 Extra"]
[Source "ChessBase"]
[SourceDate "2018.06.28"]
[SourceVersion "1"]
[SourceVersionDate "2018.06.28"]
[SourceQuality "1"]

1. e4 c5 2. Nf3 d6 3. d4 cxd4 4. Nxd4 Nf6 5. Nc3 Nc6 6. Bc4 e6 7. Be3 Be7 8. Qe2 a6 9. f3 h5 10. 0-0-0 Qc7 11. Rhg1 Ne5 12. Bb3 b5 13. Bg5 Bd7 14. f4 Nc4 15. g4 hxg4 16. Bxf6 Bxf6 17. Rxg4 Rc8 18. f5 Qc5 19. fxe6 fxe6 20. Nd5 Bxd4 21. c3 Be5 22. Qg2 Rxh2 23. Qf3 exd5 24. Rxd5 Qe3+ 0-1